[Event "MTN-ch"]
[Site "Nouakchott"]
[Date "2017.12.31"]
[Round "9"]
[White "Hemam, Moulaye Brahim"]
[Black "Mohamed, Salem Ghailani"]
[Result "1-0"]
[WhiteElo "2055"]
[BlackElo "1666"]
[PlyCount "55"]
[EventDate "2017.12.23"]
[EventType "tourn"]
[EventRounds "9"]
[EventCountry "MAU"]
[SourceTitle "CBM 182 Extra"]
[Source "ChessBase"]
[SourceDate "2018.02.23"]
[SourceVersion "1"]
[SourceVersionDate "2018.02.23"]
[SourceQuality "1"]

1. e4 e5 2. Bc4 Bc5 3. Nf3 Nf6 4. 0-0 Nc6 5. d3 d6 6. c3 Bg4 7. Nbd2 a6 8. Bb3 h6 9. Re1 Nh5 10. Nf1 Qf6 11. Ne3 Bxf3 12. Qxf3 Qxf3 13. gxf3 Nf4 14. Bc2 g6 15. Ng4 g5 16. Be3 Ke7 17. b4 Ba7 18. Bxa7 Nxa7 19. Ne3 Nb5 20. Nd1 Na3 21. Ne3 a5 22. d4 axb4 23. dxe5 Nxc2 24. exd6+ Kxd6 25. Nxc2 bxc3 26. Reb1 Rab8 27. Rb3 Rhc8 28. Rab1 1-0